Pays ayant participé à la Copa América - Mort subite - Statistiques

Statistiques générales
  • Ce quiz a été pris 154 fois
  • Le résultat moyen est 10 sur 20
Answers on the Grid
Answers color-coded by a green-red scale on the quiz's grid according to % correct below.
Argentine
Bolivie
Brésil
Uruguay
Paraguay
Colombie
Chili
Pérou
Mexique
Honduras
États-Unis
Équateur
Venezuela
Canada
Qatar
Japon
Panama
Haïti
Jamaïque
Costa Rica
Cuba
Nicaragua
Italie
Afrique du Sud
Guatemala
Suriname
Guyana
Trinité-et-Tobago
Guyane Française
Corée du Sud
 
Statistiques - réponses
Réponse % Correct
Argentine
72%
Colombie
71%
Bolivie
69%
Brésil
69%
Paraguay
69%
Pérou
68%
Uruguay
68%
Équateur
65%
Chili
64%
Mexique
61%
Venezuela
57%
États-Unis
56%
Costa Rica
49%
Panama
47%
Canada
44%
Honduras
29%
Jamaïque
23%
Qatar
23%
Japon
19%
Haïti
9%
Aucun quiz correspondant
Distribution des résultats
% des personnes avec chaque résultat
Percentile par nombre de réponses
Votre historique - résultats
Vous n’avez pas pris ce quiz